Construcciones rurales : proyectos y construcción de la casa de campo y sus anexos / por Víctor Niccoli ; versión de la 4a edición italiana por Lino Álvarez Valdés proyectos y construcción de la casa de campo y sus anexos / por Víctor Niccoli ; versión de la 4a edición italiana por Lino Álvarez Valdés
Descripción Física:
392 p. : il. ; 20 cm
Otros Autores:
Álvarez Valdés, Lino
MARC
| LEADER | 00000nam a2200000Ia 4500 | ||
|---|---|---|---|
| 001 | 14446 | ||
| 008 | 160829s1920 xx 000 0 cat d | ||
| 080 | |a B-2-17 | ||
| 100 | |a Niccoli, V. |9 28664 | ||
| 245 | |a Construcciones rurales : |b proyectos y construcción de la casa de campo y sus anexos / por Víctor Niccoli ; versión de la 4a edición italiana por Lino Álvarez Valdés | ||
| 260 | |a Barcelona : |b Gustavo Gili, |c 1920 | ||
| 300 | |a 392 p. : |b il. ; |c 20 cm | ||
| 650 | |a Arquitectura rural |9 28665 | ||
| 650 | |a Cases de camp |9 28666 | ||
| 650 | |a Estables |9 28667 | ||
| 700 | |a Álvarez Valdés, Lino |9 28668 | ||
| 901 | |a Arxiu | ||
| 942 | |n 1 | ||
| 952 | |0 0 |1 0 |4 0 |6 B217 |7 1 |9 44900 |a Arxiu |b Arxiu |d 2016-12-01 |l 0 |o B-2-17 |p 14446 |r 2016-12-01 00:00:00 |w 2016-12-01 |y ARXIU | ||
| 999 | |c 47499 |d 47499 | ||